000 01994nam0a2200409 4500
001 RU\NLR\bibl\1771473
005 20250616131833.0
010 _a978-5-87623-421-6
_9150
021 _aRU
_b2011-32867
_92345
035 _a(nilc)RSL-KNO-004939363
035 _a(NLR Aleph) 001762254
090 _a1585690
_c1585690
100 _a20110510d2011 |||y0rusy50 ca
101 0 _arus
102 _aRU
105 _aa |||||||||
200 1 _aАлгоритмические языки высокого уровня
_eкурс лекций
_e[для студентов специальностей "Автоматизированные системы обработки информации и управления" и "Прикладная информатика"]
_fС.Э. Мурадханов, А.И. Широков
_gМ-во образования и науки РФ, Федер. гос. образоват. учреждение высш. проф. образования "Нац. исслед. технол. ун-т "МИСиС", Каф. АСУ
210 _aМосква
_cМИСиС
_d2011
215 _a170 с.
_cил.
_d21
313 _aPASCAL
320 _aБиблиогр.: с. 156
606 1 _aPASCAL, язык программирования
_jУчебные издания для высших учебных заведений
_91182114
_3RU\NLR\auth\66475840
610 0 _aPascal
610 0 _aтипы данных
610 0 _aобъектно-ориентированное программирование
686 _aЗ973.2-018.1я73-2
_2rubbk
686 _aЗ973.2-018.1я73-2
700 1 _aМурадханов
_bС. Э.
_gСергей Эдуардович
_4070
701 1 _aШироков
_bА. И.
_gАндрей Игоревич
_4070
801 0 _aRU
_bRuMoRKP
_c20110510
_grcr
801 1 _aRU
_bРГБ
_c20110510
801 2 _aRU
_bNLR
_c20110523
_grcr
830 _aАвт. по кн.
942 _cBOOK
980 _aNB
980 _aNBR